00524nas a22001697a 4500008004100000245001900041260007700060300000900137440002900146546001400175590003300189590002700222650002700249856005100276942001200327999001500339130520t20009999ag ||||| |||| 00| 0 spa d aTemas Maestros aBuenos Aires, bSociedad Iberoamericana de Informacion Cientifica:c2000 av. : aFactores de Riesgo92344 aespañol aIndizada en: SIIC Data Bases aExistencias: 2000 1(1) aMEDICINA INTERNA91738 uhttp://www.siicsalud.com/lmr/siicdatabases.php 2ddccCR c1447d1447